000 00682nam a2200229Ia 4500
003 IN-BaIIA
008 211028s9999 xx 000 0 eng d
040 _cIIA Library
080 _a552.1
_bSTR
100 _aStroobant, P.
_9793
245 0 _aLes observatoires astronomiques et les astronomes
_cP. Stroobant…[et al.]
260 _aBruxells
_bHayez
_c1907
300 _avi, 316p.
650 _aAstronomy
_980
650 _aAstronomy and Astrophysics Thesaurus
650 _aAstrophysics
_9794
700 _aDelporte, E.
_9795
700 _aDelvosal, J.
_9796
700 _aMerlin, E.
_9797
700 _aPhilippot, H.
_9798
942 _cBK
999 _c369
_d369